| 000 | 00379 a2200145 4500 | ||
|---|---|---|---|
| 020 | _a007460208X | ||
| 082 | _a658.15 | ||
| 090 |
_c2540 _d2540 |
||
| 100 | _aKhan M. Y. | ||
| 245 |
_aFinancial Management, Text and Problems _cM Y Khan |
||
| 250 | _a2nd Ed. | ||
| 260 |
_aNew Delhi _bMcGraw-Hill Publishing Company LImited _c1993 |
||
| 300 | _a787 | ||
| 942 |
_aNBS _cBK _k658.15 KHA |
||
| 999 |
_c345035 _d345035 |
||